000 00829nam a22001935i 4500
001 163809
003 ES-MaACL
005 20250929063238.0
008 050719s1868 sp | |||||||| ||spa d
040 _aCAM
_bspa
_cCAM
100 1 _aRodríguez Rubí, Tomás,
_d1817-1890
_9131953
245 1 0 _aDe potencia á potencia
_b: comedia en un acto y en verso /
_coriginal de Tomás Rodríguez Rubí.
250 _a5ª ed.
260 _aSalamanca :
_b[s.n.],
_c1868 (
_fEstablecimiento tipográfico del Hospicio)
300 _a32 p. ;
_c18 cm.
594 _aEn port. consta: Nº 237.
852 _aES-MaACL
_jF-8585(11)
_z-- Enc. pasta española
_z-- Ex-libris ms. de Gustavo Saenz Diez, 1874
_z-- Enc. en un vol. facticio, formando parte de la col. facticia: "Teatro español moderno", vol. 38
999 _c163809
_d163809